000 00317nam a2200109Ia 4500
008 230302s9999 xx 000 0 und d
082 _aI005.133KAF
100 _a Kafura(Dennis)
245 _aObject Orierted sOSoftware Design and Construction with JAVA
260 _a N.Y
_b UPPER SADDLEPRENTICE HALL
365 _cRS
999 _c152835
_d152835